| Tag |
First Indicator |
Second Indicator |
Subfields |
| LEADER |
00000cam a2200000 4500 |
| 001 |
in00000094808 |
| 005 |
20150927110546.0 |
| 008 |
700501s1969 enkacfh bc 00110 eng |
| 010 |
|
|
|a 77459084
|
| 015 |
|
|
|a B69-28047
|
| 020 |
|
|
|a 0112900496
|c 35/-
|
| 035 |
|
|
|a (OCoLC)00068398
|
| 035 |
|
|
|9 AAL6682AM
|
| 040 |
|
|
|a DLC
|c DLC
|d TXA
|d UtOrBLW
|
| 049 |
|
|
|a TXAM
|c [532904]
|
| 050 |
0 |
0 |
|a TR6
|b .T47
|
| 082 |
0 |
|
|a 770/.74/021
|
| 100 |
1 |
|
|a Thomas, David Bowen.
|
| 245 |
1 |
4 |
|a The Science Museum photography collection :
|b [a catalogue] /
|c by D. B. Thomas.
|
| 264 |
|
1 |
|a London :
|b H.M.S.O.,
|c 1969.
|
| 300 |
|
|
|a 5 unnumbered pages, 113 pages, 4 plates :
|b illustrations (some color), color facsimiles, portraits ;
|c 30 cm.
|
| 336 |
|
|
|a text
|b txt
|2 rdacontent
|
| 337 |
|
|
|a unmediated
|b n
|2 rdamedia
|
| 338 |
|
|
|a volume
|b nc
|2 rdacarrier
|
| 504 |
|
|
|a Bibliography: page 104.
|
| 650 |
|
0 |
|a Photography
|x Museums
|x Catalogs.
|
| 710 |
2 |
|
|a Science Museum (Great Britain)
|
| 999 |
|
|
|a MARS
|
| 999 |
f |
f |
|s ed8c47eb-f542-3b95-ab7a-4e7369ea0e42
|i 8ce31763-1e51-39ba-8e6f-fc4bb4229858
|t 0
|
| 952 |
f |
f |
|p ric
|a Texas A&M University
|b Rellis Campus
|c Joint Library Facility
|d Remote Storage
|t 0
|e TR6 .T47
|h Library of Congress classification
|i unmediated -- volume
|m A14805621604
|
| 998 |
f |
f |
|a TR6 .T47
|t 0
|l Remote Storage
|